| 000 | 00473nam a2200169Ia 4500 | ||
|---|---|---|---|
| 003 | GCL | ||
| 008 | 140319s9999 xx 000 0 eng d | ||
| 040 |
_aGCL / _cGCL |
||
| 082 | 0 | 4 |
_a183.1 _bR G |
| 100 | 1 | _aROMILLY, JACQELINE DE | |
| 245 | 1 | 0 |
_aLES GRANDS SOPHISTES DANS L'ATHENES DE PERICLES / _cROMILLY, JACQELINE DE |
| 260 |
_a[S.N] : _bEDITIONS DE FALLOIS ، _c1988 |
||
| 300 | _a286 P | ||
| 650 | 0 | 4 | _aSOPHISTIC PHILOSOPHY |
| 650 | 0 | 4 | _aPHILOSOPHY |
| 942 |
_2ddc _cBK |
||
| 999 |
_c12593 _d12593 |
||